| 000 | 00534nam a2200169 a 4500 | ||
|---|---|---|---|
| 008 | 120416s1958 ||||||||||||||||| || u | ||
| 050 | _aQH 430 Sin | ||
| 100 | _aSinnott, Edmund Ware | ||
| 245 | 1 | 0 | _aPrinciples of genetics |
| 250 | _a5th ed. | ||
| 260 |
_aNew York _bMcGraw-Hill _c1958 |
||
| 300 | _axiv, 459p. : ill | ||
| 350 | _a0.00 | ||
| 650 | 0 | _aBIOLOGY | |
| 650 | 0 | _aGENETICS | |
| 995 |
_D0.00 _FCBU-MAIN LIBRARY (Kitwe) _H1 _I5.00 _M1 _UDAMAGED _ZMain Library Open Access Collection |
||
| 999 |
_c54580 _d54580 |
||